| 000 | 00551nam a2200205Ia 4500 | ||
|---|---|---|---|
| 003 | OSt | ||
| 005 | 20230401113912.0 | ||
| 008 | 210423s1990 xx 000 0 und d | ||
| 020 | _a0-19-855199-1 | ||
| 040 | _cAL | ||
| 041 | _aeng | ||
| 082 |
_a547.13 _223 _bMASP |
||
| 100 |
_aMASKILL (Howard) _981631 |
||
| 245 | _aPhysical basis of organic chemistry | ||
| 260 |
_aOxford _bOxford University Press _c1990 |
||
| 300 |
_axv,490 _bPB |
||
| 650 |
_aOrganic Chemistry _981632 |
||
| 906 | _abasis ; chemistry ; organic ; Physical | ||
| 942 |
_2ddc _cBK |
||
| 999 |
_c169015 _d169015 |
||